MDQL
is popping MORE tags! Check the
thread
!
Quizzes
Events
Quiz Creation
Community
Videos
Private Events
Remove Ads
Sign In
Join for FREE
Feedback
Dark Mode
Quiz Categories
Sports
Geography
Music
Movies
Television
Just For Fun
Miscellaneous
History
Literature
Language
Science
Gaming
Entertainment
Religion
Holiday
For Kids
Quiz Lab
Recent
Popular Today
Quiz Kudos Today
Editor Picks
Curator Picks
Quizzes by...
Day
Popularity
Type
Ratings
Length
Year
Community
Subscriptions
Recent Discussions
Orange Saloon
Badges
Playlists
Quests
Create
Leaderboards
Showdown
Live 5
Trivia Bingo
Activity
Puzzle Library
Sporcle Events
Private Events
Virtual Trivia
Globe League
Become a Host
Pub Owners
SporcleCon
Opinionation
Our Games
Videos
Blog
Mobile Apps
Partnerships
Remove Ads and Go Orange
Feedback
Music
Pop Music
The Beatles
Song
Album
Lyrics
Bands
Singers
Artist
Clip
Rock
Rap
Classical
Billboard
Country Music
Kpop
Taylor Swift
Music
Pop Music
The Beatles
Song
Album
Lyrics
Bands
Singers
Artist
Clip
Rock
Rap
Classical
Billboard
Country Music
Kpop
Taylor Swift
Random Quiz
Search Sporcle
×
Quiz Lab
Quiz Lab
Music
bob
Type in answers that appear in a list
Type in answers that appear in a list
Classic
Best Score? Go Orange.
Lyrics of Jokerman (Bob Dylan) Stats
Can you name the Lyrics of Jokerman (Bob Dylan)?
By
hotfuzz
20m
300 Questions
297 Plays
297 Plays
297 Plays
Comments
Comments
Give Quiz Kudos
Give Quiz Kudos
-
- Ratings
hide this ad
More Info
Replay
Link that replays current quiz
Next Quiz
Link to next quiz in quiz playlist
You Got
0%
They Got
Avg Score
72%
Avg Friend Score
Upgrade to see
Score Distribution
Jump to the score distribution portion of the page
Score
0/300
Timer
20:00
0
Plays Today
% Correct
the
98.3%
the
98.3%
the
98.3%
the
98.3%
the
98.3%
the
98.3%
the
98.3%
the
98.3%
the
98.3%
the
98.3%
the
98.3%
the
98.3%
the
98.3%
the
98.3%
the
98.3%
the
98.3%
the
98.3%
the
98.3%
the
98.3%
the
98.3%
the
98.3%
the
98.3%
the
98.3%
the
98.3%
the
98.3%
the
98.3%
the
98.3%
the
98.3%
the
98.3%
the
98.3%
the
98.3%
the
98.3%
the
98.3%
of
97.3%
of
97.3%
of
97.3%
of
97.3%
of
97.3%
of
97.3%
of
97.3%
of
97.3%
of
97.3%
of
97.3%
of
97.3%
of
97.3%
of
97.3%
Jokerman
96.6%
Jokerman
96.6%
a
96.1%
a
95.3%
a
95.3%
a
95.3%
a
95.3%
a
95.3%
a
95.3%
a
95.3%
to
94.9%
to
94.9%
to
94.9%
to
94.9%
to
94.9%
to
94.9%
to
94.9%
you
94.3%
you
94.3%
You
94.3%
you
94.3%
you
94.3%
you
94.3%
You
94.3%
on
93.9%
in
93.9%
Oh
93.9%
in
93.9%
in
93.9%
on
93.9%
In
93.9%
on
93.9%
in
93.9%
in
93.9%
in
93.9%
night
93.6%
your
92.2%
your
92.2%
your
92.2%
your
92.2%
your
92.2%
your
92.2%
moon
90.2%
light
89.9%
do
88.5%
do
88.5%
with
88.2%
with
88.2%
with
88.2%
with
88.2%
so
87.2%
So
87.2%
so
87.2%
and
86.8%
% Correct
and
86.8%
and
86.8%
and
86.8%
and
86.8%
and
86.8%
and
86.8%
nightingale
85.8%
by
85.8%
dance
85.5%
what
84.8%
tune
84.8%
what
84.8%
While
83.8%
while
83.8%
Standing
83.4%
are
83.4%
high
83.4%
are
83.4%
water
83.1%
water
83.1%
it
82.1%
fly
81.4%
eyes
80.7%
head
79.1%
Bird
79.1%
want
79.1%
casting
78.7%
was
78.7%
man
78.4%
man
78.4%
there
77.7%
there
77.7%
were
77%
blowing
75.3%
But
75.3%
But
75.3%
will
74.7%
is
74.3%
can
74%
into
73.6%
good
73.6%
would
73.6%
into
73.6%
hurricane
73.3%
iron
73%
off
73%
off
73%
marry
73%
You're
72.6%
you're
72.6%
you're
72.6%
sister
72.6%
born
72.3%
both
72.3%
Both
72.3%
bread
71.3%
idol
71.3%
just
70.9%
for
70.9%
fists
70.3%
from
70.3%
far
69.9%
out
69.9%
far
69.9%
glowing
69.6%
corner
69.6%
nobody
69.6%
see
69.6%
snake
68.9%
one
67.2%
one
67.2%
one
67.2%
dream
66.9%
around
66.6%
any
66.6%
Ain't
66.2%
ships
65.9%
mist
65.5%
Freedom
64.9%
woman
64.9%
care
64.2%
where
63.9%
only
63.9%
Only
63.9%
sailing
63.5%
truth
63.5%
twister
63.5%
Distant
62.8%
Sodom
61.5%
sun
61.1%
walk
60.8%
say
59.8%
face
59.8%
comes
59.8%
sky
59.5%
step
59.5%
Friend
59.1%
friend
59.1%
mountains
58.8%
rich
58.8%
% Correct
without
58.8%
Gomorrah
58.4%
sea
58.4%
up
58.1%
going
58.1%
every
58.1%
clouds
57.4%
Manipulator
57.4%
look
57.4%
shame
57.1%
time
57.1%
more
56.8%
get
56.8%
name
56.4%
their
56.1%
Michelangelo
56.1%
no-one
55.7%
features
55.1%
book
54.7%
cocktails
54.4%
dont
54.1%
furnace
54.1%
jungle
54.1%
small
54.1%
martyr
53.7%
white
53.7%
carved
53.4%
sets
53%
angels
53%
show
53%
teachers
53%
behind
53%
leviticus
52.7%
law
52.7%
crowds
52.4%
fiery
52.4%
milk
52.4%
rush
52%
Molotov
52%
Fools
51.7%
rocks
51.4%
that
51.4%
goodbye
51%
fear
51%
indeed
51%
dog
51%
curtain
51%
layer
50.7%
skin
50.7%
first
50.7%
tread
50.3%
licking
50.3%
stepping
50%
steed
49.7%
cannons
49.7%
matter
49.7%
who'll
49.3%
Shedding
49%
uncertain
49%
til
49%
full
48.4%
rise
48.3%
within
48%
Deuteronomy
47.6%
Well
47.3%
Well
47.3%
they
47.3%
gas
47%
ahead
46.6%
tear
46.6%
lame
46.3%
Preacherman
46.3%
futures
45.6%
persecutor
45.6%
stars
44.9%
swiftly
44.6%
could've
44.3%
twilight
43.9%
sick
43.9%
fields
43.6%
turbulent
43.6%
same
43.6%
Keeping
42.6%
smoke
40.9%
Resting
40.9%
space
39.9%
seeks
37.8%
padlocks
37.8%
asleep
37.5%
judges
35.8%
stalking
35.1%
False
35.1%
Half
34.5%
Nightsticks
34.5%
webs
34.1%
spin
34.1%
rifleman's
33.8%
hearted
32.4%
dying
32.4%
near
29.1%
Quiz Playlist
Details
Report
Send in Message
Add To Playlist
More Info:
Note: Only 1st Chorus included Note: Excludes last verse (to keep within 300)
Classic:
Type in answers that appear in a list
Last Updated: Feb 16, 2017
Quiz Scoreboard
CHALLENGE
Sign Up to Join the Scoreboard
Show All
Scores
Hide
Comments
May contain spoilers
Recently Published
5x2 Blitz: Bands
by SL_Kpop136
Music
30s
Colored Red Africa Blitz
by spor1
Geography
30s
Find the 'City' Movie
by crazypaving
Movies
60s
More to Explore
Quiz From the Vault
Featured Blog Post
14 Easter Pick-up Lines to Find Eggs With
hide this ad
You Might Also Like...
Tags
bob
Bob Dylan
Dylan
Today's Top Quizzes in Music
Browse Music
hide this ad
Today's Top Quizzes in bob
Browse bob
Top Contributed Quizzes in Music
1
5X2 Blitz: Bands II
2
5X2 Blitz: The Beatles
3
Taylor Swift All Songs (2024)
4
5X2 Blitz: Billboard
5
Taylor Swift Logic Puzzle II
6
5X2 Blitz: Billboard II
7
Taylor Swift Logic Puzzle
8
5X2 Blitz: Rock
9
5X2 Blitz: Singers
10
5X2 Blitz: Album
Explore More
Trending Topics
Disney
Anime
Kpop
Harry Potter
Crossword
Marvel
NBA
Pokémon
The Office
WWE
Country
NFL
Puzzle
Soccer
Song
hide this ad
More By:
hotfuzz
Quiz
Plays
Rating
Category
Featured
Created
Lyrics of Jokerman (Bob Dylan)
297
5.00
Music
Oct 17, 2012
Anglo-Boer War (1899-1902) facts and famous names
159
5.00
History
Sep 7, 2012
Ravers in The Chronicles of Thomas Covenant
63
5.00
Literature
Mar 12, 2014
Revolutions and Rebellions (A to Z)
19
5.00
History
Jan 16, 2020
Provinces and capitals of South Afica
14
3.00
Geography
Feb 4, 2013
Go to Creator's Profile
Score Distribution
Quiz Creator Spotlight
hotfuzz
Follow
Send a Message
Quizzes Created
-
Created Quiz Play Count
-
More By This Creator
Popular Quizzes Today
1
Colored Red Africa Blitz
2
Find the 'City' Movie
3
5x2 Blitz: Bands
4
Find the US States - No Outlines Minefield
5
The Countries of the World
6
Find the US States
7
US States
8
Find the Countries of Europe - No Outlines Minefield
More Music Quizzes
Kpop Crossword
Quiz Lab
Trending Quizzes
Colored Red Europe Blitz I
Colored Red Europe Blitz II
Colored Red Africa Blitz II
Colored Red Europe Blitz III
Colored Red Africa Blitz III
Recently Updated
How Do You Spell That?
pecheneg
Godzilla Movies
pecheneg
Grab Bag: 4-10 Letters
pecheneg
2024 March Madness Bracket
pecheneg
Famous TV Couples
Peacemaker
Champions League XIs: Real Madrid
pecheneg
Largest US Cities 1790-2010
pecheneg
Rides in Walt Disney World
pecheneg
Most Oscar Losses (Acting)
pecheneg
Beyoncé Albums
pecheneg
Trending Topics
Disney
Harry Potter
Anime
Kpop
Crossword
NBA
Marvel
The Office
Pokémon
Soccer
NFL
Puzzle
WWE
Country
Song
Your Account Isn't Verified!
In order to create a playlist on Sporcle, you need to verify the email address you used during registration. Go to your
Sporcle Settings
to finish the process.
Report this User
Report this user for behavior that violates our
Community Guidelines
.
Details:
Send Report
Go to the Sporcle.com Mobile Site →
Comments